Central Library OPAC University of Rajshahi
Normal view MARC view

Entry Topical Term

Number of records used in: 3

001 - CONTROL NUMBER

  • control field: 12765

003 - CONTROL NUMBER IDENTIFIER

  • control field: BD-RjUL

005 - DATE AND TIME OF LATEST TRANSACTION

  • control field: 20240429101155.0

008 - FIXED-LENGTH DATA ELEMENTS

  • fixed length control field: 240429|| aca||aabn | a|a d

040 ## - CATALOGING SOURCE

  • Original cataloging agency: BD-RjUL
  • Transcribing agency: BD-RjUL

150 ## - HEADING--TOPICAL TERM

  • Topical term or geographic name entry element: Synecological
  • Form subdivision: Population Biology

670 ## - SOURCE DATA FOUND

  • Source citation: Work cat.: (BD-RjUL)83607: Fatima, Kaniz 12764, A Comparative Synecological Survey of the Ground and Herb Layer Flora in the Southern Side of the Rajshahi City Corporation /, 2005